[Event "Tenerife-ch"]
[Site "Santa Cruz de Tenerife"]
[Date "2016.04.20"]
[Round "9.9"]
[White "Pena Aragon, Sergio"]
[Black "Gil Ojeda, Jorge"]
[Result "0-1"]
[WhiteElo "1650"]
[BlackElo "1630"]
[PlyCount "97"]
[EventDate "2016.04.01"]
[EventType "swiss"]
[EventRounds "9"]
[EventCountry "ESP"]
[SourceTitle "EXT 2024"]
[Source "ChessBase"]
[SourceDate "2023.10.10"]
[SourceVersion "1"]
[SourceVersionDate "2023.10.10"]
[SourceQuality "1"]

1. c4 e5 2. Nc3 Nc6 3. Nf3 f5 4. d4 e4 5. Ng5 Bb4 6. f3 h6 7. Nh3 exf3 8. exf3 Qh4+ 9. Nf2 Qxd4 10. Qxd4 Nxd4 11. Bd3 d6 12. Bd2 Nf6 13. 0-0 0-0 14. Rfe1 Bd7 15. Nfd1 Rae8 16. Ne3 f4 17. Nc2 Nxc2 18. Bxc2 g5 19. a3 Bc5+ 20. Kh1 a6 21. b4 Bd4 22. Rad1 Bc6 23. Bg6 Rxe1+ 24. Rxe1 g4 25. Ne4 gxf3 26. gxf3 Nxe4 27. Bxe4 Bxe4 28. Rxe4 Be5 29. a4 Kg7 30. Kg2 Kg6 31. Kf2 Kf5 32. Ke2 Rg8 33. Kd3 Rg2 34. Re2 Rg1 35. Re1 Rg5 36. Re2 h5 37. Be1 Rg1 38. Kd2 Kg5 39. c5 h4 40. cxd6 Bxd6 41. Kd3 h3 42. b5 axb5 43. axb5 Rg2 44. Rxg2+ hxg2 45. Bf2 b6 46. Ke2 Bc5 47. Bxc5 bxc5 48. Kf2 c4 49. Kxg2 0-1

[Event "Tenerife-ch"]
[Site "Santa Cruz de Tenerife"]
[Date "2016.04.18"]
[Round "8.6"]
[White "Hoyas Cebrian, Lucas"]
[Black "Pena Aragon, Sergio"]
[Result "1/2-1/2"]
[WhiteElo "1956"]
[BlackElo "1650"]
[PlyCount "80"]
[EventDate "2016.04.01"]
[EventType "swiss"]
[EventRounds "9"]
[EventCountry "ESP"]
[SourceTitle "EXT 2024"]
[Source "ChessBase"]
[SourceDate "2023.10.10"]
[SourceVersion "1"]
[SourceVersionDate "2023.10.10"]
[SourceQuality "1"]

1. d4 d5 2. c4 c6 3. Nc3 Nf6 4. Nf3 e6 5. Bg5 Nbd7 6. e3 Be7 7. Bd3 dxc4 8. Bxc4 b5 9. Bd3 a6 10. Rc1 0-0 11. 0-0 c5 12. Ne5 Bb7 13. Nxd7 Nxd7 14. Bxe7 Qxe7 15. dxc5 Nxc5 16. Bb1 Qg5 17. g3 Rfd8 18. Qc2 Qh5 19. e4 b4 20. Nd5 Nxe4 21. Qxe4 Bxd5 22. Qf4 Qf3 23. Qxf3 Bxf3 24. Rfe1 Rac8 25. Rxc8 Rxc8 26. Be4 Bxe4 27. Rxe4 Rb8 28. Rc4 g6 29. Rc6 a5 30. Ra6 Rb5 31. b3 Kg7 32. Ra7 Kf6 33. h4 h6 34. g4 g5 35. h5 Rd5 36. Kg2 Rc5 37. Kf3 Re5 38. Ra8 Kg7 39. Ra7 Kf6 40. Kg3 Rd5 1/2-1/2

[Event "Tenerife-ch"]
[Site "Santa Cruz de Tenerife"]
[Date "2016.04.13"]
[Round "6.10"]
[White "Pena Aragon, Sergio"]
[Black "Rodriguez Sabater, Lucia Iris"]
[Result "1-0"]
[WhiteElo "1650"]
[BlackElo "1522"]
[PlyCount "77"]
[EventDate "2016.04.01"]
[EventType "swiss"]
[EventRounds "9"]
[EventCountry "ESP"]
[SourceTitle "EXT 2024"]
[Source "ChessBase"]
[SourceDate "2023.10.10"]
[SourceVersion "1"]
[SourceVersionDate "2023.10.10"]
[SourceQuality "1"]

1. c4 e5 2. Nc3 Nc6 3. g3 Nf6 4. Bg2 Be7 5. Nf3 0-0 6. 0-0 d6 7. d4 exd4 8. Nxd4 Bd7 9. b3 Re8 10. Bb2 Qc8 11. Re1 Bf8 12. Qd2 g6 13. Rad1 Bg7 14. a3 Rb8 15. b4 Ne5 16. c5 dxc5 17. bxc5 Nc4 18. Qc2 Nxb2 19. Qxb2 Bh3 20. Bh1 Ng4 21. Qc2 c6 22. Ne4 Rd8 23. Nd6 Qc7 24. Nf3 Ne5 25. Ng5 Bc8 26. Nge4 Be6 27. Ng5 Bd5 28. Bxd5 cxd5 29. Rxd5 Qa5 30. Red1 Qa6 31. a4 Qc6 32. Qe4 f5 33. Qh4 h6 34. Ne6 Rd7 35. Nxg7 Kxg7 36. Rxe5 Rdd8 37. Re7+ Kg8 38. Qc4+ Kf8 39. Qf7# 1-0

[Event "Tenerife-ch"]
[Site "Santa Cruz de Tenerife"]
[Date "2016.04.08"]
[Round "4.7"]
[White "Pena Aragon, Sergio"]
[Black "Darias Darias, Luis"]
[Result "0-1"]
[WhiteElo "1650"]
[BlackElo "1757"]
[PlyCount "49"]
[EventDate "2016.04.01"]
[EventType "swiss"]
[EventRounds "9"]
[EventCountry "ESP"]
[SourceTitle "EXT 2024"]
[Source "ChessBase"]
[SourceDate "2023.10.10"]
[SourceVersion "1"]
[SourceVersionDate "2023.10.10"]
[SourceQuality "1"]

1. c4 b6 2. g3 Bb7 3. Nf3 e5 4. Bg2 Ne7 5. 0-0 d6 6. Nc3 g6 7. d4 exd4 8. Nxd4 Bxg2 9. Kxg2 Bg7 10. Bg5 h6 11. Qa4+ Qd7 12. Qxd7+ Kxd7 13. Be3 Nbc6 14. Rfd1 Ne5 15. b3 Ng4 16. Bf4 g5 17. Bc1 a6 18. Bb2 Rhe8 19. Rac1 c5 20. Nf3 Kc6 21. Rd2 Rad8 22. Rcd1 a5 23. a3 Ng6 24. Nd5 Bxb2 25. Rxb2 0-1

[Event "Tenerife-chT Preferente 1516"]
[Site "Tenerife"]
[Date "2016.01.16"]
[Round "4.4"]
[White "Pena Aragon, Sergio"]
[Black "Cabrera Gomez, Tomas"]
[Result "1/2-1/2"]
[WhiteElo "1685"]
[BlackElo "1778"]
[PlyCount "23"]
[EventDate "2015.12.12"]
[EventType "team-tourn"]
[EventRounds "14"]
[EventCountry "ESP"]
[SourceTitle "CBM 170 Extra"]
[Source "ChessBase"]
[SourceDate "2016.02.25"]
[SourceVersion "1"]
[SourceVersionDate "2016.02.25"]
[SourceQuality "1"]
[WhiteTeam "Cajacanarias"]
[BlackTeam "Universidad"]
[WhiteTeamCountry "ESP"]
[BlackTeamCountry "ESP"]

1. c4 b6 2. Nf3 Bb7 3. g3 Nf6 4. Bg2 g6 5. 0-0 Bg7 6. Nc3 0-0 7. d4 c6 8. Bf4 d6 9. Rc1 Nh5 10. Be3 f5 11. d5 f4 12. Bd2 1/2-1/2

[Event "CajaCanarias op 1st"]
[Site "Santa Cruz de Tenerife"]
[Date "2015.09.29"]
[Round "4.1"]
[White "Rodriguez Redondo, Adhara"]
[Black "Pena Aragon, Sergio"]
[Result "0-1"]
[WhiteElo "1617"]
[BlackElo "1745"]
[PlyCount "66"]
[EventDate "2015.09.19"]
[EventType "tourn"]
[EventRounds "6"]
[EventCountry "ESP"]
[SourceTitle "EXT 2024"]
[Source "ChessBase"]
[SourceDate "2023.10.10"]
[SourceVersion "1"]
[SourceVersionDate "2023.10.10"]
[SourceQuality "1"]

1. e4 c5 2. Nf3 e6 3. d4 cxd4 4. Nxd4 Nf6 5. Nc3 d6 6. Be2 a6 7. 0-0 Be7 8. a4 0-0 9. f4 Qc7 10. Kh1 Nc6 11. Be3 Rb8 12. Qe1 Re8 13. Rd1 b6 14. Qg3 Bb7 15. Bf3 Rbc8 16. Qf2 Na5 17. Nxe6 fxe6 18. Bxb6 Qc4 19. Bxa5 Nxe4 20. Bxe4 Bxe4 21. Rd4 Bxg2+ 22. Kxg2 Qc6+ 23. Kg1 e5 24. Rd5 exf4 25. Qxf4 Rf8 26. Rf5 d5 27. Nxd5 Bd6 28. Qg5 Rxf5 29. Rxf5 Qxc2 30. Bd2 h6 31. Qg6 Kh8 32. Nf6 Bc5+ 33. Rxc5 Qxg6+ 0-1

[Event "CajaCanarias op 1st"]
[Site "Santa Cruz de Tenerife"]
[Date "2015.09.20"]
[Round "2.2"]
[White "Pena Aragon, Sergio"]
[Black "Perez Perez, Gabriel"]
[Result "1/2-1/2"]
[WhiteElo "1745"]
[BlackElo "1774"]
[PlyCount "79"]
[EventDate "2015.09.19"]
[EventType "tourn"]
[EventRounds "6"]
[EventCountry "ESP"]
[SourceTitle "EXT 2024"]
[Source "ChessBase"]
[SourceDate "2023.10.10"]
[SourceVersion "1"]
[SourceVersionDate "2023.10.10"]
[SourceQuality "1"]

1. c4 c5 2. Nf3 Nc6 3. g3 g6 4. Bg2 Bg7 5. 0-0 e6 6. Nc3 Nge7 7. d3 0-0 8. Bd2 d6 9. Rb1 Rb8 10. a3 a6 11. b4 cxb4 12. axb4 b5 13. cxb5 axb5 14. Qb3 e5 15. Rfc1 Be6 16. Qc2 Qd7 17. Ng5 Nd4 18. Qd1 Bf5 19. Nd5 Nxd5 20. Bxd5 Bg4 21. f3 Bf5 22. Ne4 Be6 23. Bxe6 Nxe6 24. Be3 f5 25. Ng5 Bh6 26. Qd2 f4 27. Nxe6 Qxe6 28. Bf2 fxg3 29. Qxh6 gxf2+ 30. Kxf2 Rb7 31. Rc6 Rbf7 32. Rbc1 Qa2 33. R1c2 Qb3 34. Rc8 Qe6 35. Rxf8+ Rxf8 36. Rc7 Rf7 37. Rxf7 Qxf7 38. Qg5 Qa7+ 39. Kg2 Qd7 40. h4 1/2-1/2

[Event "Tenerife-chT Preferente"]
[Site "Tenerife"]
[Date "2015.05.16"]
[Round "7.4"]
[White "Pena Aragon, Sergio"]
[Black "Ramos Aguilar, Jose Manuel"]
[Result "0-1"]
[WhiteElo "1512"]
[BlackElo "2079"]
[PlyCount "56"]
[EventDate "2015.01.24"]
[EventType "swiss"]
[EventRounds "14"]
[EventCountry "ESP"]
[SourceTitle "EXT 2024"]
[Source "ChessBase"]
[SourceDate "2023.10.10"]
[SourceVersion "1"]
[SourceVersionDate "2023.10.10"]
[SourceQuality "1"]
[WhiteTeam "Fundacion La Caja de Canarias"]
[BlackTeam "Ebano Casa Venezuela"]
[WhiteTeamCountry "ESP"]
[BlackTeamCountry "ESP"]

1. c4 e5 2. Nc3 Nc6 3. Nf3 g6 4. g3 Bg7 5. Bg2 Nge7 6. 0-0 0-0 7. d3 d6 8. Rb1 a5 9. a3 h6 10. b4 axb4 11. axb4 Be6 12. Qc2 Qd7 13. Rd1 Kh7 14. b5 Nd8 15. Na4 Bh3 16. Bh1 Ne6 17. Be3 Nf5 18. c5 Nxe3 19. fxe3 d5 20. d4 Bf5 21. Nxe5 Bxe5 22. e4 Nxd4 23. Qd3 dxe4 24. Bxe4 Rxa4 25. c6 bxc6 26. bxc6 Qe6 27. Bxf5 Nxf5 28. Qb5 Bd4+ 0-1

[Event "Santa Cruz de Tenerife Primavera op"]
[Site "Santa Cruz de Tenerife"]
[Date "2015.03.27"]
[Round "9"]
[White "Rodriguez Redondo, Ethan"]
[Black "Pena Aragon, Sergio"]
[Result "1/2-1/2"]
[WhiteElo "1765"]
[BlackElo "1532"]
[PlyCount "76"]
[EventDate "2015.03.10"]
[EventType "swiss"]
[EventRounds "9"]
[EventCountry "ESP"]
[SourceTitle "CBM 165 Extra"]
[Source "ChessBase"]
[SourceDate "2015.04.21"]
[SourceVersion "1"]
[SourceVersionDate "2015.04.21"]
[SourceQuality "1"]

1. e4 c5 2. Nf3 e6 3. d4 cxd4 4. Nxd4 Nf6 5. Nc3 d6 6. Be3 Nc6 7. f3 Be7 8. Qd2 0-0 9. 0-0-0 d5 10. exd5 Nxd5 11. Nxd5 Qxd5 12. Nb3 Qxd2+ 13. Rxd2 e5 14. Bc4 Bf5 15. Rhd1 Rfd8 16. g4 Bg6 17. Rd7 Nb4 18. Rxd8+ Rxd8 19. Rxd8+ Bxd8 20. c3 Nd3+ 21. Bxd3 Bxd3 22. Kd2 Bb1 23. Bxa7 Bxa2 24. Nc5 Bd5 25. Ne4 g6 26. Ke2 f5 27. gxf5 gxf5 28. Nd6 f4 29. c4 Bc6 30. b4 Bc7 31. Ne4 Kf7 32. Kd3 Ke6 33. b5 Bxe4+ 34. Kxe4 Bd6 35. Bb6 Bb4 36. Bc7 Bd6 37. Ba5 Bc5 38. Bc7 Bd6 1/2-1/2

[Event "Tenerife-chT Preferente"]
[Site "Tenerife"]
[Date "2015.01.24"]
[Round "1.4"]
[White "Medina Sanchez, Gines"]
[Black "Pena Aragon, Sergio"]
[Result "1-0"]
[WhiteElo "1734"]
[BlackElo "1512"]
[PlyCount "111"]
[EventDate "2015.01.24"]
[EventType "swiss"]
[EventRounds "14"]
[EventCountry "ESP"]
[SourceTitle "EXT 2024"]
[Source "ChessBase"]
[SourceDate "2023.10.10"]
[SourceVersion "1"]
[SourceVersionDate "2023.10.10"]
[SourceQuality "1"]
[WhiteTeam "La Gomera"]
[BlackTeam "Fundacion La Caja de Canarias"]
[WhiteTeamCountry "ESP"]
[BlackTeamCountry "ESP"]

1. d4 d5 2. Nf3 Nf6 3. Bg5 Nbd7 4. e3 e6 5. Bd3 Be7 6. Nbd2 0-0 7. 0-0 c5 8. c3 Qc7 9. e4 dxe4 10. Nxe4 Re8 11. Nfd2 Nxe4 12. Nxe4 Bxg5 13. Nxg5 h6 14. Ne4 cxd4 15. cxd4 Qb6 16. Rb1 Qxd4 17. Nd6 Kf8 18. Nxe8 Kxe8 19. Re1 Qb6 20. Qh5 Nf6 21. Qb5+ Qxb5 22. Bxb5+ Ke7 23. Rbc1 a6 24. Ba4 Nd5 25. Bb3 Nb4 26. Rc3 Bd7 27. a3 Nc6 28. Rd1 b5 29. Re3 Rc8 30. Rc1 Na5 31. Rxc8 Bxc8 32. f4 Bb7 33. f5 Nxb3 34. Rxb3 exf5 35. a4 Bd5 36. Re3+ Kf6 37. axb5 axb5 38. Kf2 g5 39. g3 Bc4 40. h4 gxh4 41. gxh4 f4 42. Rc3 Kf5 43. b3 Be6 44. Rc5+ Kg4 45. Rxb5 Kxh4 46. b4 Kg4 47. Re5 h5 48. b5 h4 49. b6 Bc8 50. Re7 Kh3 51. b7 Bxb7 52. Rxb7 Kh2 53. Rxf7 f3 54. Rxf3 h3 55. Kf1 Kh1 56. Rxh3# 1-0

[Event "Santa Cruz de Tenerife op 25th"]
[Site "Santa Cruz de Tenerife"]
[Date "2014.12.18"]
[Round "4"]
[White "Garcia Lorenzo, Jaime"]
[Black "Pena Aragon, Sergio"]
[Result "0-1"]
[WhiteElo "1263"]
[BlackElo "1541"]
[PlyCount "45"]
[EventDate "2014.12.15"]
[EventType "swiss"]
[EventRounds "9"]
[EventCountry "ESP"]
[SourceTitle "CBM 164 Extra"]
[Source "ChessBase"]
[SourceDate "2015.03.02"]
[SourceVersion "1"]
[SourceVersionDate "2015.03.02"]
[SourceQuality "1"]

1. Nf3 c5 2. c4 Nf6 3. g3 Nc6 4. Nc3 e6 5. d4 d5 6. cxd5 Nxd5 7. Bg2 cxd4 8. Nxd4 Nxc3 9. bxc3 Nxd4 10. cxd4 Bb4+ 11. Bd2 Qxd4 12. Qa4+ Bd7 13. Qd1 Bxd2+ 14. Qxd2 Qxa1+ 15. Qd1 Qxd1+ 16. Kxd1 Bc6 17. e4 Ke7 18. Ke2 Rhd8 19. Re1 Rd4 20. Kf1 Rad8 21. f3 Rd1 22. Rxd1 Rxd1+ 23. Ke2 0-1

[Event "Tenerife Promocion 6th"]
[Site "Tenerife"]
[Date "2014.04.02"]
[Round "2.1"]
[White "Pena Aragon, Sergio"]
[Black "Febles Dominguez, Alfonso Jesus"]
[Result "1-0"]
[WhiteElo "1431"]
[BlackElo "1450"]
[PlyCount "63"]
[EventDate "2014.03.31"]
[EventType "tourn"]
[EventRounds "9"]
[EventCountry "ESP"]
[SourceTitle "EXT 2024"]
[Source "ChessBase"]
[SourceDate "2023.10.10"]
[SourceVersion "1"]
[SourceVersionDate "2023.10.10"]
[SourceQuality "1"]

1. c4 e5 2. Nc3 Nc6 3. Nf3 b6 4. g3 Bb7 5. Bg2 d6 6. 0-0 Nf6 7. d4 Qe7 8. d5 Na5 9. b3 Ba6 10. b4 Nxc4 11. Qa4+ b5 12. Qxa6 Nb6 13. Qxb5+ Qd7 14. Qxd7+ Nfxd7 15. e4 a6 16. a4 Be7 17. a5 Nc8 18. Be3 0-0 19. b5 Nc5 20. Bxc5 dxc5 21. Nxe5 Bd6 22. Nc4 f6 23. f4 Re8 24. Rfe1 Bf8 25. e5 Rb8 26. bxa6 Rb3 27. Rec1 Na7 28. Rab1 Reb8 29. Rxb3 Rxb3 30. d6 cxd6 31. exd6 Nc6 32. Bxc6 1-0

[Event "Tenerife Promocion 6th"]
[Site "Tenerife"]
[Date "2014.03.31"]
[Round "1.1"]
[White "Perez de la Torre, Jorge"]
[Black "Pena Aragon, Sergio"]
[Result "1/2-1/2"]
[WhiteElo "1641"]
[BlackElo "1431"]
[PlyCount "74"]
[EventDate "2014.03.31"]
[EventType "tourn"]
[EventRounds "9"]
[EventCountry "ESP"]
[SourceTitle "EXT 2024"]
[Source "ChessBase"]
[SourceDate "2023.10.10"]
[SourceVersion "1"]
[SourceVersionDate "2023.10.10"]
[SourceQuality "1"]

1. d4 d5 2. Nf3 Nf6 3. e3 e6 4. Bd3 c5 5. c3 Nc6 6. Nbd2 Be7 7. 0-0 0-0 8. dxc5 Bxc5 9. b4 Bd6 10. Bb2 a6 11. Re1 b5 12. a4 bxa4 13. Rxa4 Qb6 14. Qc2 a5 15. Rea1 Bd7 16. b5 Ne5 17. Nxe5 Bxe5 18. c4 Bxb2 19. c5 Qc7 20. Qxb2 Qxc5 21. Rxa5 Rxa5 22. Rxa5 Rb8 23. Nf3 Qb6 24. Qa1 Qb7 25. Ne5 h6 26. h3 Be8 27. Ra7 Qb6 28. Ra6 Qc5 29. Ra8 Qb6 30. Rxb8 Qxb8 31. Qb2 Qb6 32. Qb4 Ne4 33. Qe7 Nd6 34. Nd7 Bxd7 35. Qxd7 g6 36. Qc6 Qxc6 37. bxc6 Ne8 1/2-1/2

[Event "Tenerife-ch Juniors"]
[Site "Laguna-Cotelec"]
[Date "2014.03.07"]
[Round "5.3"]
[White "Mendez Acosta, Alexander Jesus"]
[Black "Pena Aragon, Sergio"]
[Result "1-0"]
[WhiteElo "1469"]
[BlackElo "1431"]
[PlyCount "95"]
[EventDate "2014.02.21"]
[EventType "swiss"]
[EventRounds "9"]
[EventCountry "ESP"]
[SourceTitle "EXT 2024"]
[Source "ChessBase"]
[SourceDate "2023.10.10"]
[SourceVersion "1"]
[SourceVersionDate "2023.10.10"]
[SourceQuality "1"]

1. c4 Nf6 2. Nc3 g6 3. g3 Bg7 4. Bg2 0-0 5. Nf3 d6 6. 0-0 e5 7. d3 h6 8. e4 Nc6 9. h3 Be6 10. Be3 Qd7 11. Kh2 Rfe8 12. Qd2 Kh7 13. b3 Qe7 14. Nd5 Bxd5 15. exd5 Nd4 16. Qd1 Nf5 17. Bd2 Qd7 18. Rc1 Re7 19. Re1 Rd8 20. Bc3 e4 21. Bxf6 Bxf6 22. dxe4 Ng7 23. Nd4 c6 24. f4 cxd5 25. cxd5 Rc8 26. Nf3 Bc3 27. Re2 Bb4 28. Rec2 Rxc2 29. Rxc2 Bc5 30. e5 Nf5 31. Qd3 Ne3 32. Rxc5 dxc5 33. Qxe3 b6 34. Qd3 Kg7 35. h4 Re8 36. d6 Qf5 37. Qxf5 gxf5 38. h5 f6 39. Bh3 fxe5 40. fxe5 a5 41. a4 Rf8 42. d7 Kf7 43. Bxf5 Ke7 44. g4 Rb8 45. e6 b5 46. Ne5 Rb6 47. Ng6+ Kd8 48. e7+ 1-0

[Event "Tenerife-ch Juniors"]
[Site "Laguna-Cotelec"]
[Date "2014.03.06"]
[Round "4.4"]
[White "Pena Aragon, Sergio"]
[Black "De Castro de Leon, Jorge"]
[Result "1/2-1/2"]
[WhiteElo "1431"]
[BlackElo "1535"]
[PlyCount "58"]
[EventDate "2014.02.21"]
[EventType "swiss"]
[EventRounds "9"]
[EventCountry "ESP"]
[SourceTitle "EXT 2024"]
[Source "ChessBase"]
[SourceDate "2023.10.10"]
[SourceVersion "1"]
[SourceVersionDate "2023.10.10"]
[SourceQuality "1"]

1. c4 Nf6 2. Nc3 g6 3. g3 Bg7 4. Bg2 0-0 5. Nf3 d5 6. cxd5 Nxd5 7. 0-0 e6 8. Qc2 Nc6 9. a3 Qe7 10. d3 h6 11. Bd2 Rd8 12. Rac1 a6 13. b4 Nxc3 14. Bxc3 Bd7 15. Bxg7 Kxg7 16. Qc3+ Qf6 17. Qxf6+ Kxf6 18. d4 Rac8 19. e3 Kg7 20. Nd2 Be8 21. Nb3 Rb8 22. Rfd1 Rdc8 23. Nc5 Nd8 24. d5 Kf6 25. d6 cxd6 26. Ne4+ Ke7 27. Rxc8 Rxc8 28. Nxd6 Rc7 29. Nxe8 Kxe8 1/2-1/2

[Event "Tenerife-ch Juniors"]
[Site "Laguna-Cotelec"]
[Date "2014.03.01"]
[Round "2.7"]
[White "Pena Aragon, Sergio"]
[Black "Evora Uzcategui, Sofia"]
[Result "1-0"]
[WhiteElo "1431"]
[BlackElo "1156"]
[PlyCount "121"]
[EventDate "2014.02.21"]
[EventType "swiss"]
[EventRounds "9"]
[EventCountry "ESP"]
[SourceTitle "EXT 2024"]
[Source "ChessBase"]
[SourceDate "2023.10.10"]
[SourceVersion "1"]
[SourceVersionDate "2023.10.10"]
[SourceQuality "1"]

1. c4 e5 2. Nc3 d6 3. Nf3 Nc6 4. g3 Nf6 5. Bg2 Be7 6. 0-0 0-0 7. d3 Bg4 8. Rb1 a5 9. a3 d5 10. cxd5 Nxd5 11. Bd2 b6 12. Qc2 Bxf3 13. Bxf3 Nd4 14. Qd1 Nxf3+ 15. exf3 Nxc3 16. Bxc3 Bf6 17. Re1 Re8 18. Qc2 Qd5 19. Qe2 Rad8 20. Rbd1 Rd7 21. Qe4 Qxe4 22. fxe4 Red8 23. Re3 Bg5 24. Rf3 Bf6 25. Kf1 Rd6 26. Ke2 g5 27. Rf5 h6 28. Bxe5 Bxe5 29. Rxe5 f6 30. Rb5 c5 31. Rb3 a4 32. Rc3 Rd4 33. Rc4 Rxc4 34. dxc4 Re8 35. Ke3 g4 36. Kf4 h5 37. Rd5 Kg7 38. Rxh5 Kg6 39. Rd5 Re6 40. e5 fxe5+ 41. Rxe5 Rd6 42. Rd5 Re6 43. Kxg4 Re2 44. Rd6+ Kf7 45. Rxb6 Rxf2 46. h3 Rc2 47. Kf5 Rf2+ 48. Ke4 Re2+ 49. Kd5 Rg2 50. Kxc5 Rxg3 51. Rb7+ Kg6 52. Rb4 Kh5 53. Rb8 Rf3 54. Rh8+ Kg6 55. Kb4 Rf5 56. Kxa4 Kg7 57. Rd8 Rh5 58. Rd4 Kf6 59. Kb4 Ke5 60. Rd5+ Kf6 61. Rxh5 1-0

[Event "Tenerife Navidad op 24th"]
[Site "Tenerife"]
[Date "2013.12.26"]
[Round "8"]
[White "Rodriguez Redondo, Ethan"]
[Black "Pena Aragon, Sergio"]
[Result "0-1"]
[WhiteElo "1619"]
[BlackElo "1423"]
[PlyCount "108"]
[EventDate "2013.12.13"]
[EventType "swiss"]
[EventRounds "9"]
[EventCountry "ESP"]
[SourceTitle "CBM 158 Extra"]
[Source "ChessBase"]
[SourceDate "2014.02.28"]
[SourceVersion "1"]
[SourceVersionDate "2014.02.28"]
[SourceQuality "1"]

1. Nf3 c5 2. g3 Nc6 3. Bg2 e6 4. 0-0 d5 5. d4 Nf6 6. c3 Be7 7. Nbd2 0-0 8. dxc5 Bxc5 9. Qc2 h6 10. e4 Qc7 11. exd5 Nxd5 12. Nb3 Bd6 13. a3 b6 14. c4 Nf6 15. c5 bxc5 16. Nxc5 Ne7 17. b4 a5 18. Nd4 Rb8 19. Bd2 e5 20. Ndb3 axb4 21. axb4 Ned5 22. Bxd5 Nxd5 23. Rfc1 Nxb4 24. Qe4 Qc6 25. Qxc6 Nxc6 26. Na6 Bxa6 27. Rxa6 Rxb3 28. Rcxc6 Be7 29. Rc7 Bf6 30. Bxh6 Bd8 31. Rc5 gxh6 32. Rxe5 Rb6 33. Ra7 Bf6 34. Rf5 Kg7 35. h4 Re8 36. g4 Re7 37. Rxe7 Bxe7 38. g5 Kg6 39. Re5 Re6 40. Rxe6+ fxe6 41. Kg2 hxg5 42. hxg5 Kxg5 43. Kf3 Kf5 44. Ke3 e5 45. f3 Bg5+ 46. Ke2 Kf4 47. Kf2 Bh4+ 48. Ke2 Bg3 49. Kf1 Kxf3 50. Kg1 Bf2+ 51. Kf1 Bg3 52. Kg1 e4 53. Kf1 e3 54. Kg1 e2 0-1